000 00377nam a2200157Ia 4500
100 _aGallo/Michael A/ Hancock/W.M
650 _aNetworking
942 _cBK
366 _f25
654 _anetworking
245 _aComputer communications and networking technologies
260 _bCengage Learning
_aMumbai
_c2002
082 _a4.6
_bGAL
300 _a632
546 _aENGLISH
999 _c35280
_d35280